Hindu pasts : (Record no. 156454)

MARC details
000 -LEADER
fixed length control field 00548nam a22001817a 4500
005 - DATE AND TIME OF LATEST TRANSACTION
control field 20180829101449.0
010 ## - LCCN (DPL NO)
LC control number ENG-123868
020 ## - INTERNATIONAL STANDARD BOOK NUMBER
International Standard Book Number 9788178245263
Terms of availability 695.00
035 ## - SYSTEM CONTROL NUMBER
System control number EN-107400
037 ## - SOURCE OF ACQUISITION
Source of stock number/acquisition DBAD/PUB
082 ## - DEWEY DECIMAL CLASSIFICATION NUMBER
Classification number 230
100 ## - MAIN ENTRY--PERSONAL NAME
Personal name Dalmia, Vasudha
245 ## - TITLE STATEMENT
Title Hindu pasts :
Statement of responsibility, etc by Vasudha Dalmia
Remainder of title women, religion, histories/
260 ## - PUBLICATION, DISTRIBUTION, ETC. (IMPRINT)
Place of publication, distribution, etc Ranikhet
Name of publisher, distributor, etc Permanent Black
Date of publication, distribution, etc 2015
270 ## - ADDRESS
Address Himalayana, Mall Road, Ranikhet Cantt,
City Ranikhet
Postal code 263645
300 v# - PHYSICAL DESCRIPTION
Extent viii,366p.
Dimensions 21cm(pbk.)
942 ## - ADDED ENTRY ELEMENTS (KOHA)
Source of classification or shelving scheme Dewey Decimal Classification
Item type English Books
Call number suffix DAL
Classification part 230
Holdings
Withdrawn status Lost status Not for loan Collection code Home library Current library Date acquired Source of acquisition Cost, normal purchase price Full call number Barcode Copy number Cost, replacement price Koha item type
    Not For Loan Non-fiction D.B.Act.Division Bawana 28/08/2018 DBAD/PUB 695.00 230 DAL EN-107400 1 695.00 English Books

© Delhi Public Library
Hit Counter
free hit counter